Crazy Number Logic Puzzle Quiz Stats

 Plays Quiz Updated Oct 30, 2017

Also try: A Minefield Puzzle
Challenge
Share
Tweet
Score 0/25 Timer 20:00
0 Plays Today
box number % Correct
A1






???
100%
E1






???
71.8%
A5






???
67%
E5






???
66.1%
B1






???
54.5%
B2






???
52.3%
A2






???
45.1%
C5






???
31.4%
B5






???
30.7%
E3






???
30.3%
A4






???
29.9%
D4






???
29.4%
C3






???
26.7%
box number % Correct
B3






???
26.4%
C1






???
26.1%
C4






???
25.1%
B4






???
21.8%
A3






???
18.1%
C2






???
18%
E2






???
16.3%
E4






???
15.5%
D3






???
13.4%
D5






???
12.2%
D1






???
11.9%
D2






???
11.5%

You're not logged in!

Compare scores with friends on all Sporcle quizzes.
OR
Log In

You Might Also Like...

Show Comments

Extras

Top Quizzes Today


Score Distribution

Your Account Isn't Verified!

In order to create a playlist on Sporcle, you need to verify the email address you used during registration. Go to your Sporcle Settings to finish the process.

Report this User

Report this user for behavior that violates our Community Guidelines.

Details: